Vers une civilisation du loisir?

Gardado en:
Detalles Bibliográficos
Autor Principal: Dumazedier, Joffre
Formato: Libro
Idioma:Undetermined
Publicado: Paris Éditions du Seuil 1962
Những chủ đề:
Các nhãn: Engadir etiqueta
Sen Etiquetas, Sexa o primeiro en etiquetar este rexistro!
Thư viện lưu trữ: Trung tâm Học liệu Trường Đại học Cần Thơ
LEADER 00476nam a2200181Ia 4500
001 CTU_91156
008 210402s9999 xx 000 0 und d
082 |a 306.4812 
082 |b D886 
100 |a Dumazedier, Joffre 
245 0 |a Vers une civilisation du loisir? 
245 0 |c Joffre Dumazedier 
260 |a Paris 
260 |b Éditions du Seuil 
260 |c 1962 
650 |a Leisure 
904 |i Bằng 
980 |a Trung tâm Học liệu Trường Đại học Cần Thơ